<?xml version="1.0" encoding="UTF-8"?>
<marc:record xmlns:marc="http://www.loc.gov/MARC21/slim">
   <marc:leader>00000nam a2200000 a 4500</marc:leader>
   <marc:datafield ind1="1" ind2=" " tag="100">
      <marc:subfield code="a">Auster, Paul</marc:subfield>
      <marc:subfield code="4">aut</marc:subfield>
      <marc:subfield code="e">Verfasser/-in</marc:subfield>
   </marc:datafield>
   <marc:datafield ind1=" " ind2=" " tag="653">
      <marc:subfield code="a">Familie / Roman</marc:subfield>
   </marc:datafield>
   <marc:datafield ind1=" " ind2=" " tag="653">
      <marc:subfield code="a">USA / Roman</marc:subfield>
   </marc:datafield>
   <marc:datafield ind1="0" ind2="0" tag="245">
      <marc:subfield code="a">Sunset Park</marc:subfield>
   </marc:datafield>
   <marc:datafield ind1="0" ind2="0" tag="245">
      <marc:subfield code="b">Roman</marc:subfield>
   </marc:datafield>
   <marc:datafield ind1="0" ind2="0" tag="245">
      <marc:subfield code="c">Auster, Paul</marc:subfield>
   </marc:datafield>
   <marc:datafield ind1=" " ind2="1" tag="264">
      <marc:subfield code="c">2012</marc:subfield>
   </marc:datafield>
   <marc:datafield ind1=" " ind2=" " tag="250">
      <marc:subfield code="a">1.</marc:subfield>
   </marc:datafield>
   <marc:datafield ind1="1" ind2=" " tag="520">
      <marc:subfield code="a">Eine Tragödie, ein Spiel, ein Meisterwerk &#xD;
 Sunset Park  beschreibt die Hoffnungen und Sorgen einer unvergesslichen Schar von Menschen, die in den dunkelsten Zeiten der jüngsten ameri kanischen Wirtschaftskrise zusammenkommen: ein rätselhafter junger Mann, der wie besessen Trümmer fotografiert; eine kühle Cineastin mit Hang zum Androgynen; ein politischer Aktivist, der in seiner Klinik für kaputte Dinge Artefakte einer verschwundenen Welt repariert; eine Malerin erotischer Themen; eine einst gefeierte Schauspielerin, die sich auf ihr Comeback am Broadway vorbereitet; ein Kleinverleger, der versucht, seinen Verlag und seine Ehe zu retten.&#xD;
Die dramatischen Ereignisse, die das Schicksal von Austers Helden verbinden, kulminieren in einem besetzten Haus im heruntergekommenen Stadtteil Sunset Park, Brooklyn, und sie zeichnen ein bewegendes Bild des heutigen Amerika und seiner inneren Dämonen. Dieser Roman ist eine emotionale und politische Tour de Force am Puls der Zeit und dunkel glänzend.</marc:subfield>
   </marc:datafield>
   <marc:datafield ind1=" " ind2=" " tag="041">
      <marc:subfield code="a">ger</marc:subfield>
   </marc:datafield>
   <marc:datafield ind1=" " ind2=" " tag="338">
      <marc:subfield code="a">Band</marc:subfield>
   </marc:datafield>
   <marc:datafield ind1=" " ind2=" " tag="300">
      <marc:subfield code="a">313 S.</marc:subfield>
   </marc:datafield>
</marc:record>
